000 01162 a2200241 4500
001 29479
005 20260407155604.0
008 260407a1993 arg spa d
003 AR-UNSa-BCEJYS
040 _aAR-UNSa-BCEJYS
_bspa
_cAR-UNSa-BCEJYS
080 _a657.23
_xCompensaciones. Correcciones. Ajustes (devaluación monetaria)
245 1 0 _aEstados contables en moneda constante
020 _a950-537-144-6
264 1 _aBuenos Aires :
_bEdiciones Macchi
_c1993
300 _a349 p.
_c23 cm.
505 _aParte I: ¿A que se tiende en contabilidad? - Parte II: ¿Que problemas origina la inflación en la infromación contable? - Parte III: ¿ Como se fundamenta y en que consiste la reexpresión de estados contables a moeda constante? - Parte IV: Otros aspectos vinculados con la reepxresión de estados contables a moneda constante - Parte V: Aplicaciones practicas -
942 _cBK
590 _aniveau_biblio:m niveau_hierar:0
100 1 _aLuppi, Hugo Alberto
700 1 _aLópez Santiso, Horacio
700 1 _aAllemand, Alberto Adolfo
856 4 1 _uhttps://biblioeco.unsa.edu.ar/pmb/images/libros/L65480.jpg
_yImagen de portada
_qimage/jpeg
999 _c1884
_d1884